00710nam a2200217Ia 4500003000400000005001700004008004100021040000700062041000800069082001900077100002900096245004000125260004000165365001300205650002200218650002600240906004500266942001200311999001900323952015000342OSt20230530110742.0210423s2003 xx 000 0 und d cAL aeng a305.4 BARW223 aBARUAH (Arunima)9116530 aWomen in india: an exhaustive study aNew DelhibAnmol Publicationsc2003 b600cINR aSociology9116531 aWomen Studies9116532 aan ; exhaustive ; india: ; study ; Women 2ddccBK c173599d173599 001040708MSWaSACPGbSACPGd2003-02-03eSaraswathi Publisherg600.00l1o305.4 BARWpPG020210r2023-02-06 00:00:00s2023-01-25w2021-04-26yBK